Statistics for Biggest Films Released On February 14th (Valentine's Day)

Click here to take the quiz!

General Stats

  • This quiz has been taken 25 times
  • The average score is 2 of 9

Answer Stats

YearHintAnswer% Correct
2020Comedy About A Fast Animal That Is BlueSonic The Hedgehog
61%
1991Anthony Hopkins Portrays Hannibal LecterThe Silence Of The Lambs
61%
2003Ben Affleck And Jennifer Garner Met During This Film!Daredevil
30%
1992Film Based Off of a SNL Skit From The 80'sWayne's World
26%
2010Sterling Knight Disney Channel FilmStarStruck
22%
2019Dwayne Johnson Plays Himself in This Comedy!Fighting With My Family
9%
2019Last Fox Film Released Before Disney Bought ItAlita: Battle Angel
4%
2013Sam Raimi's Latest Film Starring James FrancoOz The Great And Powerful
4%
2020Disney Channel MusicalZombies 2
4%

Score Distribution

Percentile by Number Answered

Percent of People with Each Score

Your Score History

You have not taken this quiz